Tribo-Fatigue: Wear-Fatigue damage and its prediction (Record no. 310589)
[ view plain ]
| 000 -LEADER | |
|---|---|
| fixed length control field | 00324 a2200109 4500 |
| 001 - CONTROL NUMBER | |
| control field | 75516 |
| 082 ## - DEWEY DECIMAL CLASSIFICATION NUMBER | |
| Classification number | 620.112622 SOS |
| 100 ## - MAIN ENTRY--PERSONAL NAME | |
| Personal name | Sosnovskiy,L.A |
| 245 ## - TITLE STATEMENT | |
| Title | Tribo-Fatigue: Wear-Fatigue damage and its prediction |
| Remainder of title | Wear-Fatigue damage and its prediction |
| 260 ## - PUBLICATION, DISTRIBUTION, ETC. | |
| Place of publication, distribution, etc. | Germany |
| Name of publisher, distributor, etc. | Springer |
| Date of publication, distribution, etc. | 2005 |
| 300 ## - PHYSICAL DESCRIPTION | |
| Extent | xxi, 347p. |
| 942 ## - ADDED ENTRY ELEMENTS (KOHA) | |
| Institution code [OBSOLETE] | NUST-CAE |
| Call number prefix | 620.112622 SOS |
| Withdrawn status | Lost status | Damaged status | Not for loan | Collection code | Permanent Location | Current Location | Date acquired | Total Checkouts | Full call number | Barcode | Date last seen | Price effective from | Koha item type |
|---|---|---|---|---|---|---|---|---|---|---|---|---|---|
| College of Aeronautical Engineering (CAE) | College of Aeronautical Engineering (CAE) | 04/03/2017 | 620.112622 SOS | CAEN-3479 | 04/05/2017 | 04/05/2017 | Book |
